000 00517nam a2200205Ia 4500
003 OSt
005 20220924133314.0
006 a|||||r|||| 00| 0
007 ta
008 220923b |||||||| |||| 00| 0 rus d
024 _a264101
037 _cTextual
040 _aARTS
_cARTS
_brus
041 _2rus
_arus
082 _a12:3164, 142J7.5
245 0 _aCospahne Boctoyhbix Pykoancen Akalmnn (Aayk)
260 _c1957
942 _h12:3164, 142J7.5
_cTEXL
_2CC
999 _c433372
_d433372